Normal view
MARC view
- Supervisor:Prof. Faiz Ahmad
Entry Personal Name
001 - CONTROL NUMBER
- control field: 123776
003 - CONTROL NUMBER IDENTIFIER
- control field: NUST
005 - DATE AND TIME OF LATEST TRANSACTION
- control field: 20240626095721.0
008 - FIXED-LENGTH DATA ELEMENTS
- fixed length control field: 240626|| aca||aabn | a|a d
040 ## - CATALOGING SOURCE
- Original cataloging agency: NUST
- Transcribing agency: NUST
100 ## - HEADING--PERSONAL NAME
- Personal name: Supervisor:Prof. Faiz Ahmad
670 ## - SOURCE DATA FOUND
- Source citation: Work cat.: (NUST)526011: Hussain, Takasar 16968, Lamb modes having multiple zero-group velocity points /, 2014.
